| 000 | 00606nam a22001817a 4500 | ||
|---|---|---|---|
| 005 | 20140218115938.0 | ||
| 010 | _aENG-108523 | ||
| 020 |
_a9788186307601 _c595.00 |
||
| 035 | _aEN-92056 | ||
| 037 | _bDBAD/PUB | ||
| 082 | _a320.954 | ||
| 100 | _aAl-Ahmed, Saikh Md Sabah | ||
| 245 |
_aContemporary chronicles : _cby Saikh Md. Sabah Al-Ahmed _bpolity, society & culture / |
||
| 260 |
_aGuwahati _bDVS Publishers _c2013 |
||
| 270 |
_aH.B. Road Panbazar _bGuwahati _e781001 _k2638295 _l0361-2511789 _mdvspub@gmail.com |
||
| 300 |
_a231p. : _c22cm(Hb) _bill. |
||
| 942 |
_2ddc _cEN _mALA _h320.954 |
||
| 999 |
_c79343 _d79343 |
||